Reinventing Retail (Record no. 3342)

MARC details
000 -LEADER
fixed length control field 00428nam a22001577a 4500
008 - FIXED-LENGTH DATA ELEMENTS--GENERAL INFORMATION
fixed length control field 250507b |||||||| |||| 00| 0 eng d
020 ## - INTERNATIONAL STANDARD BOOK NUMBER
ISBN 9781292270777
100 ## - MAIN ENTRY--AUTHOR
Author Shephard Ian
245 S# - TITLE STATEMENT
Title Reinventing Retail
Remainder of title The New Rules That Drive Sales And Grow Profit
250 ## - EDITION STATEMENT
Edition statement 6th
260 ## - PUBLICATION, DISTRIBUTION, ETC. (IMPRINT)
Place of publication Harlow
Name of publisher Pearson
Date of publication 2019
300 ## - COLLATION
Pagination xxi, 210P.
650 ## - TRACINGS
Main Subject Selling
Subdivision (1st) Customer Services
942 ## - ADDED ENTRY ELEMENTS (KOHA)
Item type Books
050 ## - LIBRARY OF CONGRESS CALL NUMBER
Classification number HF5438.25
Item number .S44
Holdings
Source of classification or shelving scheme Not for loan Permanent location Current location Date acquired Accession No. Full call number Barcode. Koha item type
Library of Congress Classification   Samuel Ogbemudia Main Library, University of Abuja Samuel Ogbemudia Main Library, University of Abuja 05/07/2025 2024/64243 HF5438.25.S44 2025-1799 Books